Frekvenčná modulácia /
Enregistré dans:
| Auteur principal: | |
|---|---|
| Format: | Livre |
| Langue: | slovaque |
| Publié: |
Bratislava :
Alfa,
1978
|
| Édition: | 1.vyd. |
| Tags: |
Pas de tags, Soyez le premier à ajouter un tag!
|
MARC
| LEADER | 00000nam a22000003a 4500 | ||
|---|---|---|---|
| 001 | stu9738 | ||
| 005 | 20150617225803.9 | ||
| 008 | 970512s1978----cs------------------slo-d | ||
| 040 | |a STU |b slo | ||
| 041 | 0 | |a slo | |
| 044 | |a cs | ||
| 080 | |a 621.396.619.13 | ||
| 100 | 1 | |a Hajoš, Zoltán |4 aut | |
| 245 | 1 | |a Frekvenčná modulácia / |c [aut.] Hajoš,Zoltán | |
| 250 | |a 1.vyd. | ||
| 260 | |a Bratislava : |b Alfa, |c 1978 | ||
| 300 | |a 303 s | ||
| 996 | |b 284EK04767 |c E*40614 |l EE01 |s A |a 24 |w stu9738_0001 | ||